Economics and Australian higher education <a> critique of selected policy issues

Salvato in:
Dettagli Bibliografici
Autore principale: Duhs, L.A
Altri autori: Duhs, E.J
Natura: Libro
Lingua:inglese
Pubblicazione: Brisbane The University of Queensland 1992
Serie:Discussion Paper No. 104
Soggetti:
Tags: Aggiungi Tag
Nessun Tag, puoi essere il primo ad aggiungerne!!

MARC

LEADER 00000nam a2200000 4500
001 c100365
005 20221123102142.4
022 |a 1033-4661 
041 0 |a eng 
044 |a AU 
245 1 0 |a Economics and Australian higher education  |b <a> critique of selected policy issues  |c L.A. Duhs and E.J. Duhs 
264 1 |a Brisbane  |b The University of Queensland  |c 1992 
300 |a 40 s. 
490 1 |a Discussion Paper  |v No. 104 
830 0 |a Discussion Paper  |v No. 104 
610 2 0 |a školstvo 
610 2 0 |a školy vysoké 
610 2 0 |a školy vysoké odborné 
610 2 0 |a vzdelávanie 
610 2 0 |a politika školská 
610 2 0 |a mikroekonomika 
610 2 0 |a politika hospodárska 
610 2 0 |a Austrália 
100 1 |a Duhs, L.A. 
700 1 |a Duhs, E.J.